000 00368 a2200157 4500
001 75608
020 _a9788508172238
040 _cAnchieta - Colégio São Paulo
100 _aGewandsznajder, Fernando
240 1 0 _aProjeto teláris:
_lpor
245 1 0 _aProjeto teláris:
300 _a296
362 0 _a2015
650 4 _aCiência da vida - Biologia
942 _cBK
999 _c75608
_d75608